Extremely Hard General Knowledge #55 - Statistics

General Stats
  • This quiz has been taken 282 times
  • The average score is 3 of 20
Answer Stats
Hint Answer % Correct
How many stars are on the state flag of Alaska? 7
71%
Which Italian physicist is generally credited with having invented the first operable battery? Alessandro Volta
35%
Which Labor (ALP) politician became Prime Minister of Australia in May 2022? Anthony Albanese
30%
The suffragette Emily Davison, was killed by King George V's horse Anmer at the Epsom Derby in which year? 1913
28%
Which stable isotope of Hydrogen has a nucleus containing one neutron? Deuterium
28%
Which Belgian cyclist has the most (11) Grand Tour wins, all won in the 1960s and 1970s? Eddie Merckx
21%
Jeremy Bentham and John Stuart Mill were key proponents in the formulation of which philosophy? Utilitarianism
20%
In which Wiltshire town could you find the "Magic Roundabout", a ring junction consisting of five mini-roundabouts arranged in a circle? Swindon
17%
The Birth of a Nation, a silent movie which was the highest-grossing movie from its release in 1915 until 1940, was directed by which American? D. W. Griffith
16%
Which NHL team won the 2022 Stanley Cup after beating Tampa Bay Lightning in the Finals? Colorado Avalanche
14%
The Abu Dhabi Plaza is the tallest building in which country? Kazakhstan
13%
The national drink of Brazil, Caipirinha is made using sugar, mint, and which spirit? Cachaça
12%
What is the name of the final book in the Old Testament? Malachi
11%
Who was the lead singer of the Swedish pop duo Roxette, most known for "It Must Have Been Love"? Gun-Marie Fredriksson
8%
"Que Sera, Sera (Whatever Will Be Will Be)" won the Best Original Song Oscar in 1957 after it was sung by Doris Day in which 1956 film? The Man Who Knew Too Much
7%
Who played M in the first 11 instalments of the James Bond film series from 1962 until 1979? Bernard Lee
4%
Who had a UK Number One in 2004 with "Cha Cha Slide"? DJ Casper
4%
What general feature is symbolised on a British Ordnance Survey map by a pink triangle? Youth Hostel
4%
What is the title of the 2004 novel by Boris Johnson about a cycling MP trying to foil a terrorist attack on the U.S. President? Seventy-Two Virgins
2%
Who was the British painter and sculptor best known for the "Dirty Angel", a South African war memorial found in Newcastle upon Tyne? T. E. Macklin
1%
No matching quizzes found
Score Distribution
Percent of People with Each Score
Percentile by Number Answered
Your Score History
You have not taken this quiz